000 00828cam a22002411 4500
001 e 46000026
003 DLC
005 20260227111233.0
008 880804s1946 dcua 000 0 eng
010 _ae 46000026
035 _a(OCoLC)18309810
040 _aDLC
_cAU
_dOCoLC
_dDLC
042 _apremarc
050 0 0 _aL111
_b.A75 no. 100
051 _aLB2864
_b.F4
100 1 _aFeatherston, E. Glenn,
_d1900-
245 1 0 _aSchool bus drivers,
_bcurrent practices in selection and training.
260 _a[Washington]
_bFederal security agency, U.S. Office of education
_c[1946]
300 _aiii, 38 p.
_bincl. tables.
_c23 cm.
490 0 _aU.S. Office of education. Pamphlet ;
_vno. 100
500 _a"By E. Glenn Featherston, specialist for pupil transportation." -- p. 1.
650 0 _aSchool children
_xTransportation.
999 _c22037
_d22037